10 zufällige Fragen - Statistiken

Allgemein
  • Dieses Quiz wurde 1.190 mal gespielt
    761 seit der letzten Aktualisierung
  • Das Durchschnittsergebnis liegt bei 5 aus 10
Antwortstatistiken
Hint Antwort % Korrekt
chemisches Eisen-Symbol Fe
93%
Kleinstes Land der Welt Vatikanstadt
92%
1. Präsident der Vereinigten Staaten George Washington
89%
Erster US-Präsident George Washington
86%
Regierungsgebäude der USA Weißes Haus
85%
Formel für Helium He
84%
Für welches Wort ist „Auto“ die Abkürzung? Automobil
82%
Betriebssystem, welches „Apple“ nutzt iOS
82%
Anzahl von Monden, die der Mars besitzt 2
81%
Formel für Eisen Fe
81%
Planet in unserem Sonnensystem, welcher am weitesten von unserer Sonne entfernt ist Neptun
81%
Amtssprache Brasiliens Portugiesisch
80%
Gründer von Amazon Jeffrey Preston Bezos
79%
Besitzer von Facebook Mark Zuckerberg
79%
Sportwagenmarke aus Italien, welche zuerst nur Traktoren hergestellt hatte Lamborghini
76%
Ehemaliger Anführer der Terrororganisation Al-Qaida, 2011 getötet Osama bin Laden
75%
chemisches Stickstoff-Symbol N
74%
Wie viele Präsidenten gab es in den USA? 45
65%
Terrororganisation, die die Kontrolle über Afghanistan hat Taliban
65%
Land, in dem Fächer als Militärwerkzeug benutzt wurde Japan
63%
Arzt, der auf Gehirnerkrankungen spezialisiert ist Neurologe
63%
Erschaffer des Eiffelturms Alexandre Gustave Eiffel
62%
Person, welche für den Reggae am meisten bekannt ist Bob Marley
60%
Anzahl von Monden, die die Venus besitzt 0
55%
Telefonvorwahl von Kanada +1
49%
Telefonvorwahl von Frankreich +33
34%
Arzt, der auf tumorartige Erkrankungen spezialisiert ist Onkologe
34%
Größte Passagiermaschine A380
31%
Land mit der höchsten Staatsschuldenquote Japan
28%
Verein, welcher am meisten Punkte in der 2. Bundesliga sammelte SpVgg Greuther Fürth
28%
Spieler, welcher den schnellsten je gemessenen Schuss geschossen hat (im Fußball) Roberto Carlos
26%
Welches Team hat zusammen mit dem FC Bayern am meisten Bundesliga Saisons? Werder Bremen
22%
Erfinder vom Thermometer Daniel Gabriel Fahrenheit
21%
Ursprünglicher Name der (italienischen) Mafia Cosa Nostra
20%
Gründer der Band AC/DC Angus Young
12%
Jahr, in dem der Bau des Kölner Doms begonnen hat 1248
9%
Jahr, in dem der Bau des Brandenburger Tors begonnen hat 1788
6%
Erschaffer der Freiheitsstatue Frédéric-Auguste Bartholdi
5%
Erfinder von der Dampflok George Stephenson
1%
Ältestes Bauwerk der Welt Tempel von Ggantija
0%
Keine übereinstimmenden Quizze gefunden
Verteilung der Resultate
Anzahl Personen mit jedem Resultat
Perzentil nach korrekt beantworteten Fragen
Ihre Resultats-Entwicklung
Sie haben dieses Quiz seit der letzten Aktualisierung nicht gespielt